Urban development in north-western india (Record no. 140123)

MARC details
000 -LEADER
fixed length control field 00643nam a22001817a 4500
005 - DATE AND TIME OF LATEST TRANSACTION
control field 20170519115708.0
010 ## - LCCN (DPL NO)
LC control number ENG-118247
020 ## - INTERNATIONAL STANDARD BOOK NUMBER
International Standard Book Number 9788185835802
Terms of availability 700.00
035 ## - SYSTEM CONTROL NUMBER
System control number EN-101779
037 ## - SOURCE OF ACQUISITION
Source of stock number/acquisition DBAD/PUB
082 ## - DEWEY DECIMAL CLASSIFICATION NUMBER
Classification number 307.12160954
100 ## - MAIN ENTRY--PERSONAL NAME
Personal name Teotia, Manoj Kumar
245 ## - TITLE STATEMENT
Title Urban development in north-western india
Remainder of title Emerging trends, concerns and strategies /
Statement of responsibility, etc by Manoj Kumar Teotia
260 ## - PUBLICATION, DISTRIBUTION, ETC. (IMPRINT)
Place of publication, distribution, etc India
Name of publisher, distributor, etc Centre For Research In Rural And Industrial Development
Date of publication, distribution, etc 2016
270 ## - ADDRESS
Address 2-A, Sector-19/A, Madhya Marg, Chandigarh-160019
300 ## - PHYSICAL DESCRIPTION
Extent xxix, 372p
Dimensions 24cm.(Hb)
942 ## - ADDED ENTRY ELEMENTS (KOHA)
Source of classification or shelving scheme Dewey Decimal Classification
Item type English Books
Classification part 307.12160954
Call number suffix TEO
Holdings
Withdrawn status Lost status Not for loan Collection code Home library Current library Date acquired Source of acquisition Cost, normal purchase price Full call number Barcode Copy number Cost, replacement price Koha item type
    Not For Loan Non-fiction D.B.Act.Division Bawana 19/05/2017 DBAD/PUB 700.00 307.12160954 TEO EN-101779 1 700.00 English Books

© Delhi Public Library
Hit Counter
free hit counter